000
00373nam a2200133Ia 4500
008
151001s9999||||xx |||||||||||||| ||und||
100
_a
गो. ना. दातार
245
_a
कालिकामूर्ती
250
_a
7
260
_b
श्रीराम प्रकाशन पुणे
260
_c
1992
300
_a
495
365
_b
21
999
_c
971897
_d
971894